000 00637nam a2200265Ia 4500
005 20260306164310.0
008 008 260114s9999 xx 000 0 eng d
020 _a9780226574448
037 _aEBOOK
040 _aCRL
040 _beng
040 _cCRL
041 _2eng
041 _aeng
084 _qCRL
100 _aBarrett, Carter, Chavas
_91130384
245 4 _aThe Economics Of Poverty Traps
260 _bUniversity of Chicago Press
260 _c2019
650 _aEconomics & Finance
856 _uhttps://academic.oup.com/book/13437
942 _cEBOOK
999 _c1713555
_d1713555